Examen directo de testigos /

Guardado en:
Autor Principal: Rúa, Gonzalo Segundo
Formato: Desconocido
Idioma:Spanish
Publicado: Ciudad Autónoma de Buenos Aires : Didot, 2015
Edición:1a. ed., 1a. reimp.
Series:Litigación y Enjuiciamiento Penal Adversarial
Litigación y enjuiciamiento penal adversarial
Materias:
Etiquetas: Agregar Etiqueta
Sin Etiquetas, Sea el primero en etiquetar este registro!
LEADER 00673nac a22001935a 4500
001 DER.der013369
008 180615s2015####ag#||||||||||||||#||spa||
005 20240827084635.0
245 1 0 |a Examen directo de testigos /  |c Gonzalo Segundo Rúa 
250 |a 1a. ed., 1a. reimp. 
260 |a Ciudad Autónoma de Buenos Aires :  |b Didot,  |c 2015 
300 |a 222 p. 
440 0 |a Litigación y Enjuiciamiento Penal Adversarial 
020 |a 9789873620140 
100 1 |a Rúa, Gonzalo Segundo 
830 0 |a Litigación y enjuiciamiento penal adversarial 
650 7 |a LITIGACION PENAL 
859 |a DERECHO  |b BIB. DERECHO  |h 345.05  |i RUA  |p 008303 
859 |a DERECHO  |b BIB. DERECHO  |h 345.05  |i RUA  |p 009064  |t 1